01130 a2200217 4500003000500000005001700005010001700022020001500039035002200054040000900076082001500085100002100100245005900121250001200180260004500192300003500237505045700272650001900729856008800748856007600836Nust20221129112409.0 a 2002111025 a0125980612 a(DLC) 2002111025 cNust00a519.2, ROS1 aRoss, Sheldon M.10aIntroduction to probability models /cSheldon M. Ross. a8th ed. aSan Diego, CA :bAcademic Press,cc2003. axvii, 755 p. :bill. ;c23 cm. a Introduction to Probability Theory (Page-1), Random Variables (Page-23), Conditional Probability and Conditional Expectation (Page-97), Markov Chains (Page-181), The Exponential Distribution and the Poisson Process (Page-269), Continuous Time Markov Chains (Page-349), Renewal Theory and its Applications (Page-401), Queuing Theory (Page-475), Reliability Theory (Page-547), Brownian Motion and Stationary Process (Page-601), Simulations (Page-639). 0aProbabilities.423Publisher descriptionuhttp://www.loc.gov/catdir/description/els031/2002111025.html423Table of contentsuhttp://www.loc.gov/catdir/toc/els031/2002111025.html